000 00362nam a2200145Ia 4500
008 230917s9999||||xx |||||||||||||| ||und||
040 _e47875
_aMAIN
041 _aEnglish
082 _a823.7 M834N
100 _aMorris, William
245 0 _aNews from nowere or an epoch of rest
260 _aLondon
_bRoutledge
_c1980
300 _axli, 192 p.
942 _cBK
999 _c155003
_d155003